| 000 | 01246cam a22003254a 4500 | ||
|---|---|---|---|
| 001 | 13299740 | ||
| 003 | ARRUPE | ||
| 005 | 20161010151946.0 | ||
| 008 | 030804s2004 enka b 001 0 eng | ||
| 010 | _a 2003017506 | ||
| 020 | _a1844070697 (pbk.) | ||
| 020 | _a1844070689 (hardback) | ||
| 040 |
_aDLC _cDLC _dDLC |
||
| 042 | _apcc | ||
| 043 | _afs----- | ||
| 050 | 0 | 0 | _aSB484.A36P37 2003 |
| 082 | 0 | 0 |
_a333.78/3/0968 _222 |
| 100 |
_aBrian Child _926660 |
||
| 245 | 0 | 0 |
_aParks in transition : _bbiodiversity, rural development, and the bottom line / _cedited by Brian Child. |
| 260 |
_aLondon ; _bEarthscan Publications, _cc2004. |
||
| 300 |
_axiv, 267 p.; _bill. ; _c25 cm. |
||
| 504 | _aIncludes bibliographical references and index. | ||
| 650 | 0 |
_aNational parks and reserves _zAfrica, Southern _xManagement. _926661 |
|
| 650 | 0 |
_aBiological diversity _zAfrica, Southern. _926662 |
|
| 650 | 0 |
_aRural development _zAfrica, Southern. _926663 |
|
| 700 | 1 |
_aChild, B. _q(Brian) _926664 |
|
| 906 |
_a7 _bcbc _corignew _d1 _eecip _f20 _gy-gencatlg |
||
| 942 |
_2lcc _cMONOGRAPH |
||
| 999 |
_c125486 _d125486 |
||